| 000 | 00787nam a22002417a 4500 | ||
|---|---|---|---|
| 999 |
_c14419 _d14419 |
||
| 003 | AR-CdUCM | ||
| 008 | 190423b ||||| |||| 00| 0 spa d | ||
| 020 | _a978-958-766-572-7 | ||
| 040 |
_aMUNICIPALIDAD PROVINCIAL DEL CUSCO _cBIBLIOTECA MUNICIPAL DEL CUSCO |
||
| 041 | _hspa | ||
| 082 |
_aEP / 803 / _bP23 |
||
| 110 |
_aPanamericana editorial _933177 |
||
| 245 |
_aMundo magico : _bHadas / |
||
| 260 |
_aBogota : _bPanamericana editorial, _c2014. |
||
| 300 |
_bilustraciones, graficos, dibujos, _c26 cm. |
||
| 500 | _aNo apto para niños menores de tres años debido a las partes pequeñas | ||
| 505 | _aContenido: Cuentos e historias | ||
| 650 |
_aCuentos _951604 |
||
| 650 |
_aHistoria _951605 |
||
| 650 |
_aNiños _99390 |
||
| 942 |
_2ddc _cLIBROS |
||
| 945 |
_apjha _d2019-04-23 |
||